Quizzes
Events
Quiz Creation
Community
Videos
Private Events
Remove Ads
Sign In
Join for FREE
Feedback
Dark Mode
Quiz Categories
Sports
Geography
Music
Movies
Television
Just For Fun
Miscellaneous
History
Literature
Language
Science
Gaming
Entertainment
Religion
Holiday
For Kids
Quiz Lab
Recent
Popular Today
Quiz Kudos Today
Editor Picks
Curator Picks
Quizzes by...
Day
Popularity
Type
Ratings
Length
Year
Community
Subscriptions
Recent Discussions
Orange Saloon
Badges
Playlists
Quests
Create
Leaderboards
Showdown
Live 5
Trivia Bingo
Activity
Puzzle Library
Sporcle Events
Private Events
Virtual Trivia
Globe League
Become a Host
Pub Owners
SporcleCon
Opinionation
Our Games
Videos
Blog
Mobile Apps
Partnerships
Remove Ads and Go Orange
Feedback
Gaming
Video Games
Board Games
Card Games
Pokémon
Mario
Nintendo
Minecraft
Console
Toys
Legend of Zelda
Gaming
Video Games
Board Games
Card Games
Pokémon
Mario
Nintendo
Minecraft
Console
Toys
Legend of Zelda
Random Quiz
Search Sporcle
×
Quiz Lab
Quiz Lab
Gaming
Type in answers that appear in a list
Type in answers that appear in a list
Classic
Best Score? Go Orange.
Paper Mario: Thousand Year Door Enemies Stats
Can you name the Paper Mario: Thousand Year Door Enemies?
By
burrito
20m
124 Questions
271 Plays
271 Plays
271 Plays
Comments
Comments
Give Quiz Kudos
Give Quiz Kudos
-
- Ratings
hide this ad
More Info
Replay
Link that replays current quiz
Next Quiz
Link to next quiz in quiz playlist
You Got
0%
They Got
Avg Score
59%
Avg Friend Score
Upgrade to see
Score Distribution
Jump to the score distribution portion of the page
Score
0/124
Timer
20:00
0
Plays Today
Health/Attack/Defense
Enemy
% Correct
2-
1-
0
Goomba
97%
2-
1-
0
Paragoomba
88.2%
4-
2-
1
Koopa Troop
84.1%
150-
7-
1
Shadow Queen
82.3%
20-
5-
1
Hooktail
80.8%
2-
2-
2
Spiky Goomba
80.1%
70-
7-
2
Bowser
79%
10-
1-
0
Vivian
77.5%
7-
3-
0
Gloomba
77.1%
200-
8-
2
Bonetail
76%
40-
6-
0
Doopliss
76%
4-
2-
1
Paratroop
75.3%
50-
7-
1
Grodus
75.3%
7-
3-
0
Boo
74.5%
4-
3-
0
X-Naut
74.5%
8-
2-
0
Hyper Goomba
74.2%
20-
4-
1
Cortez
72.7%
80-
8-
2
Gloomtail
72.3%
40-
3-
1
Rawk Hawk
72%
7-
3-
0
Paragloomba
71.6%
30-
3-
0
Lord Crump
71.6%
2-
2-
2
Cleft
70.8%
8-
2-
0
Hyper Paragoomba
70.5%
30-
2-
1
Magnus von Grapple
70.1%
3-
1-
0
Fuzzy
69.4%
8-
4-
2
Dark Koopa
68.6%
8-
2-
0
Hyper Spiky Goomba
68.3%
7-
4-
0
Spiky Gloomba
68.3%
50-
5-
0
Kammy Koopa
68.3%
60-
4-
0
Macho Grubba
68.3%
10-
1-
0
Gold Fuzzy
67.9%
50-
5-
1
Smorg
67.9%
15-
9-
0
Piranha Plant
67.5%
8-
5-
2
Dry Bones
67.2%
3-
3-
3
Spiny
66.8%
5-
3-
4
Buzzy Beetle
66.4%
70-
6-
2
Magnus von Grapple 2.0
66.1%
40-
7-
0
Marilyn
66.1%
2-
1-
2
Bald Cleft
65.3%
4-
2-
1
Bob-omb
65.3%
12-
1-
0
Blooper
63.8%
5-
2-
0
Lakitu
63.5%
Health/Attack/Defense
Enemy
% Correct
7-
4-
0
Magikoopa
63.5%
5-
3-
1
Red Bones
62.7%
4-
3-
3
Hyper Cleft
62.7%
3-
2-
0
Yux
62.7%
20-
3-
0
Gus
62.4%
4-
3-
0
Pokey
62.4%
6-
5-
5
Moon Cleft
62.4%
7-
4-
1
Hammer Bro
62%
40-
4-
8
Atomic Boo
62%
8-
5-
0
Dark Boo
60.9%
10-
3-
1
X-Yux
60.5%
8-
4-
2
Dark Paratroopa
60.1%
5-
3-
0
Green Fuzzy
60.1%
6-
3-
0
Flower Fuzzy
60.1%
7-
6-
5
Chain Chomp
60.1%
5-
2-
0
Pider
59.8%
6-
4-
Unknown*
Iron Cleft
59.8%
6-
4-
Unknown*
Iron Cleft (Yes, there are two!)
59.8%
25-
5-
2
Koopatrol
59.4%
7-
2-
1
Boomerang Bro
59.4%
7-
3-
1
Fire Bro
59.4%
8-
4-
0
Poison Pokey
59%
8-
3-
0
Putrid Piranha
58.7%
5-
3-
1
Dull Bones
58.3%
8-
3-
0
Ember
58.3%
20-
5-
2
Dark Bones
57.2%
1-
0-
0
Mini-Yux
57.2%
7-
4-
0
Red Magikoopa
56.8%
6-
3-
0
Swooper
56.8%
2-
4-
1
Bullet Bill
56.8%
9-
4-
0
X-Naut PhD
56.8%
10-
5-
1
Elite X-Naut
56.8%
4-
2-
1
KP Koopa
56.1%
5-
3-
4
Parabuzzy
56.1%
7-
4-
0
White Magikoopa
56.1%
7-
4-
0
Green Magikoopa
56.1%
20-
20-
1
Amazy Dayzee
55.4%
10-
6-
3
Wizzerd
55.4%
10-
5-
0
Frost Piranha
55%
3-
2-
0
Dark Puff
55%
5-
2-
0
Bandit
54.6%
7-
4-
0
Z-Yux
53.9%
Health/Attack/Defense
Enemy
% Correct
1-
2-
1
Dark Koopatrol
53.5%
5-
3-
4
Spike Top
53.5%
9-
4-
0
Ice Puff
53.5%
7-
4-
0
Ruff Puff
53.1%
6-
5-
3
Red Chomp
52.8%
10-
5-
2
Dark Wizzerd
52.8%
4-
2-
1
KP Paratroopa
52.4%
20-
6-
0
Dark Craw
52.4%
3-
1-
0
Spinia
52.4%
1-
0-
0
Mini-X-Yux
52.4%
3-
1-
0
Spania
52%
8-
3-
1
Shady Koopa
51.7%
13-
5-
0
Dark Lakitu
50.9%
4-
2-
0
Pale Piranha
50.9%
6-
4-
0
Lava Bubble
50.9%
7-
2-
0
Crazy Dayzee
50.6%
6-
2-
1
Bulky Bob-omb
50.2%
8-
3-
1
Shady Paratroopa
49.8%
12-
7-
2
Spunia
49.4%
5-
n/
a-
2*
Bill Blaster
49.1%
2-
0-
0
Mini-Z-Yux
48.7%
16-
7-
0
Arantula
48%
3-
4-
0
Grodus X
47.6%
5-
3-
4
Spiky Parabuzzy
47.2%
8-
3-
0
Big Bandit
47.2%
9-
4-
0
Swoopula
46.9%
2-
1-
4
Bristle
46.9%
12-
5-
0
Badge Bandit
46.5%
12-
8-
5
Elite Wizzerd
45.4%
3-
2-
2
Hyper Bald Cleft
45%
15-
8-
0
Poison Puff
44.6%
30-
5-
0
Bedlam
44.6%
10-
5-
0
Phantom Ember
43.9%
10-
4-
2
Bob-ulk
43.5%
6-
6-
4
Sky-Blue Spiny
41.7%
8-
8-
4
Dark Bristle
41.3%
20-
6-
0
Swampire
40.2%
3-
6-
2
Bombshell Bill
39.5%
10-
n/
a-
4*
Bombshell Bill Blaster
37.6%
5-
3-
5
Red Spiky Buzzy
24.4%
Quiz Playlist
Details
Report
Send in Message
Add To Playlist
More Info:
*This enemy may not attack, or may not take damage.
Classic:
Type in answers that appear in a list
Quiz Source
Last Updated: Feb 16, 2017
Quiz Scoreboard
CHALLENGE
Sign Up to Join the Scoreboard
Show All
Scores
Hide
Comments
May contain spoilers
Recently Published
College Basketball Coaching Resumes
by pancakes188
Sports
9m
Billboard Blitz: Fleetwood Mac
by CooCooCachoo
Music
15s
Presidents Visiting Landmarks
by Hejman
History
7m
More to Explore
Quiz From the Vault
Featured Blog Post
Where Did the Easter Bunny Come From?
hide this ad
You Might Also Like...
Tags
This quiz does not have any tags.
Today's Top Quizzes in Gaming
Browse Gaming
hide this ad
Top Contributed Quizzes in Gaming
1
5-to-1: Consoles
2
7-to-1: Board Game Piece Blitz
3
5-to-1: Legend of Zelda
4
Destiny 2 exotic weapons by perk icons
5
League of Legends Pro Players by Career/Team History
6
Ultimate Genshin Impact Logic Puzzle (up to 4.3)
7
Franchise by Action Figure
8
Who's on the WWE 2K24 Cover?
9
Genshin Impact Logic Puzzle Quiz
10
Overwatch Logic Puzzle
Explore More
Trending Topics
Crossword
Kpop
NBA
Harry Potter
Anime
Disney
Marvel
Soccer
Puzzle
The Office
NFL
WWE
Pokémon
Song
Country
hide this ad
More By:
burrito
Quiz
Plays
Rating
Category
Featured
Created
God of War Alphabet
1,617
3.38
Gaming
Mar 23, 2010
Banjo Kazooie Collectables
584
2.00
Gaming
Mar 23, 2010
All Ratchet and Clank Weapons
324
3.67
Gaming
Mar 12, 2010
Paper Mario: Thousand Year Door Enemies
271
3.86
Gaming
Mar 12, 2010
Online Gaming Abbreviations
239
1.83
Gaming
Mar 22, 2010
Go to Creator's Profile
Score Distribution
Quiz Creator Spotlight
burrito
Follow
Send a Message
Quizzes Created
-
Created Quiz Play Count
-
More By This Creator
Popular Quizzes Today
1
Find the US States - No Outlines Minefield
2
Find the Countries of Europe - No Outlines Minefield
3
The Countries of the World
4
Find the US States
5
Risky Map Clicking: Biggest States A-Z
6
US States
7
Popular People in 1961
8
Movies - When Are They Set?
More Gaming Quizzes
Warhammer 40k: Tyranid Codex Units (8th Edition)
Quiz Lab
Trending Quizzes
Risky Map Clicking: Least Populous States A-Z
1-10 Letter G Words
1-10 Letter F Words
Risky Map Clicking: Next State Alphabetically
Risky Map Clicking: Biggest States A-Z
Recently Updated
Leaping Animals
pecheneg
Reality TV Shows (A-Z)
bhenderson79
Rickey Henderson's Hall of Fame Teammates
pecheneg
Champions League XIs: Arsenal
pecheneg
Quick Pick: Celebrities in WWE's Hall of Fame
aduchscher
A-Z Keypad Blitz II
pecheneg
Multiple Oscar Actors
pecheneg
Mystery Phrase Blitz: Oscar 'Best Actors'
pecheneg
F. Scott Fitzgerald Novels
LTH
Pick 3 Villains
ddd62291
Trending Topics
Kpop
NBA
Anime
Marvel
Crossword
Harry Potter
Disney
Puzzle
The Office
Pokémon
NFL
Soccer
Country
Song
WWE
Your Account Isn't Verified!
In order to create a playlist on Sporcle, you need to verify the email address you used during registration. Go to your
Sporcle Settings
to finish the process.
Report this User
Report this user for behavior that violates our
Community Guidelines
.
Details:
Send Report
Go to the Sporcle.com Mobile Site →
Comments